The business case for diversity Good practices in the workplace

محفوظ في:
التفاصيل البيبلوغرافية
مؤلف مشترك: Commissione Europea
التنسيق: كتاب
اللغة:الإنجليزية
منشور في: Commissione Europea 2005
الوسوم: إضافة وسم
لا توجد وسوم, كن أول من يضع وسما على هذه التسجيلة!

MARC

LEADER 00000nam a2200000 4500
005 20240605191649.0
008 240605b |||||||| |||| 00| 0 eng d
020 |a 9279002392 
040 |c GP 
110 |a Commissione Europea 
245 |a The business case for diversity  |b Good practices in the workplace 
260 |b Commissione Europea  |c 2005 
942 |2 ddc  |c BK  |n 0 
952 |0 0  |1 0  |2 ddc  |4 0  |6 305_000000000000000_EUR  |7 1  |9 1370  |a RM  |b RM  |d 2024-06-05  |l 0  |o 305 EUR  |p 207  |r 2024-06-05 19:17:05  |w 2024-06-05  |y BK 
999 |c 1260  |d 1260